[Event "Wichern op 6th"]
[Site "Hamburg"]
[Date "2001.10.13"]
[Round "1.55"]
[White "Koenig, Michael Juergen"]
[Black "Buck, Lars"]
[Result "0-1"]
[WhiteElo "1732"]
[BlackElo "2135"]
[PlyCount "66"]
[EventDate "2001.10.21"]
[EventType "swiss"]
[EventRounds "9"]
[EventCountry "GER"]
[SourceTitle "EXT 2002"]
[Source "ChessBase"]
[SourceDate "2001.11.25"]
[SourceVersion "1"]
[SourceVersionDate "2001.11.25"]
[SourceQuality "1"]

1. e4 d6 2. d4 Nf6 3. Nc3 g6 4. Bc4 Bg7 5. f3 Nc6 6. Be3 e5 7. d5 Nd4 8. Bxd4 exd4 9. Qxd4 0-0 10. Nge2 Ng4 11. Qg1 Ne5 12. Bb3 a5 13. h4 b5 14. a4 b4 15. Nb5 h5 16. Ned4 Bh6 17. Nc6 Nxc6 18. dxc6 Ba6 19. g4 Qf6 20. gxh5 Kh7 21. Qg4 Bxb5 22. axb5 a4 23. Bd5 Qxb2 24. 0-0 Rg8 25. Qd7 gxh5+ 26. Kh1 Qf6 27. Qxf7+ Qxf7 28. Bxf7 Rgf8 29. Bxh5 Bg7 30. Rad1 a3 31. b6 cxb6 32. Rxd6 a2 33. Ra1 Bxa1 0-1

[Event "Wichern op 5th"]
[Site "Hamburg"]
[Date "1999.10.17"]
[Round "3"]
[White "Emami Eghdam, Kaweh"]
[Black "Koenig, Michael Juergen"]
[Result "1/2-1/2"]
[WhiteElo "1345"]
[BlackElo "1783"]
[PlyCount "140"]
[EventDate "1999.10.15"]
[EventType "swiss"]
[EventRounds "9"]
[EventCountry "GER"]
[SourceTitle "EXT 2001"]
[Source "ChessBase"]
[SourceDate "2000.11.22"]
[SourceVersion "1"]
[SourceVersionDate "2000.11.22"]
[SourceQuality "1"]

1. e4 e5 2. Nf3 Nc6 3. d4 exd4 4. Nxd4 Nf6 5. Nxc6 bxc6 6. Bd3 Bc5 7. 0-0 0-0 8. Bg5 d6 9. Qf3 Rb8 10. Bxf6 Qxf6 11. Qxf6 gxf6 12. b3 Kh8 13. c3 Rg8 14. Re1 Bh3 15. g3 h5 16. Bf1 Bd7 17. Nd2 h4 18. b4 Bb6 19. Nc4 hxg3 20. Nxb6 gxh2+ 21. Kxh2 cxb6 22. Re3 Rg7 23. Bh3 Rh7 24. Rd1 Rxh3+ 25. Rxh3+ Bxh3 26. Kxh3 Rd8 27. Kg4 d5 28. Kf5 Rd6 29. c4 d4 30. c5 bxc5 31. bxc5 Re6 32. f4 Kg7 33. Rxd4 Kf8 34. Rd8+ Kg7 35. Rd7 Re8 36. Rxa7 Rh8 37. Ra5 Rh5+ 38. Kg4 Rh2 39. a4 Rc2 40. Kf5 Rc4 41. e5 fxe5 42. Kxe5 Kg6 43. f5+ Kg5 44. Kd6 Kxf5 45. Kxc6 Ke4 46. Kb7 f5 47. c6 f4 48. Ra8 Rb4+ 49. Kc7 f3 50. a5 f2 51. Rf8 Ke3 52. a6 Rf4 53. Rxf4 Kxf4 54. a7 f1Q 55. a8Q Qb5 56. Qf8+ Kg5 57. Qg7+ Kf5 58. Qd7+ Kg5 59. Kd8 Qb8+ 60. Ke7 Qe5+ 61. Kf8 Qf4+ 62. Ke8 Kh6 63. c7 Qe5+ 64. Qe7 Qh5+ 65. Kd7 Qb5+ 66. Kd8 Qd5+ 67. Ke8 Qh5+ 68. Kd7 Qb5+ 69. Kd8 Qd5+ 70. Qd7 Qg8+ 1/2-1/2

[Event "Wichern op 5th"]
[Site "Hamburg"]
[Date "1999.10.17"]
[Round "4"]
[White "Koenig, Michael Juergen"]
[Black "Bigalke, Andre"]
[Result "0-1"]
[WhiteElo "1783"]
[BlackElo "1965"]
[PlyCount "110"]
[EventDate "1999.10.15"]
[EventType "swiss"]
[EventRounds "9"]
[EventCountry "GER"]
[SourceTitle "EXT 2001"]
[Source "ChessBase"]
[SourceDate "2000.11.22"]
[SourceVersion "1"]
[SourceVersionDate "2000.11.22"]
[SourceQuality "1"]

1. e4 e5 2. Nf3 f5 3. exf5 e4 4. Qe2 Nf6 5. d3 d5 6. dxe4 dxe4 7. Nc3 Be7 8. Nxe4 0-0 9. Qc4+ Nd5 10. Bg5 c6 11. f6 gxf6 12. Bh6 b5 13. Qb3 Bb4+ 14. Nfd2 Rf7 15. Qg3+ Kh8 16. c3 Ba5 17. Qd6 Bd7 18. Bxb5 Bc7 19. Qc5 Bb6 20. Qd6 Bc7 21. Qc5 f5 22. Ng3 Qf6 23. Be3 Nxe3 24. fxe3 Bb6 25. Qc4 cxb5 26. Qe2 Re7 27. e4 f4 28. Rf1 Qh4 29. Nf3 Qh6 30. Nh1 Bc6 31. Nf2 Bxf2+ 32. Kxf2 Rxe4 33. Qd2 Nd7 34. Rae1 Rae8 35. Rxe4 Rxe4 36. Re1 Re3 37. Qd4+ Qf6 38. Qxa7 Rxe1 39. Kxe1 Qe6+ 40. Kf2 Qe7 41. Qd4+ Qf6 42. Qxf6+ Nxf6 43. Nd4 Bd7 44. Kf3 Nd5 45. Ke4 Ne3 46. Ne2 Nxg2 47. Nxf4 Nxf4 48. Kxf4 Kg7 49. Ke5 Kf7 50. Kd6 Be8 51. Kc5 Ke7 52. c4 bxc4 53. Kxc4 Bf7+ 54. Kc5 Bxa2 55. b4 Ke6 0-1

[Event "Wichern op 5th"]
[Site "Hamburg"]
[Date "1999.10.15"]
[Round "1"]
[White "Grote, Dirk"]
[Black "Koenig, Michael Juergen"]
[Result "1-0"]
[WhiteElo "2191"]
[BlackElo "1783"]
[PlyCount "37"]
[EventDate "1999.10.15"]
[EventType "swiss"]
[EventRounds "9"]
[EventCountry "GER"]
[SourceTitle "EXT 2001"]
[Source "ChessBase"]
[SourceDate "2000.11.22"]
[SourceVersion "1"]
[SourceVersionDate "2000.11.22"]
[SourceQuality "1"]

1. d4 f5 2. g3 Nf6 3. c4 e6 4. Bg2 Nc6 5. Nf3 Bb4+ 6. Bd2 0-0 7. 0-0 d6 8. Bxb4 Nxb4 9. a3 Nc6 10. Nc3 e5 11. d5 Ne7 12. e3 Bd7 13. b4 Ng6 14. Qc2 f4 15. exf4 exf4 16. Rae1 Qc8 17. Nb5 Bf5 18. Qb3 c5 19. Nxd6 1-0